000 01535cac a2200385 i 4500
003 EG-GICUC
005 20260121101545.0
008 991215s2000 enk frb 001 0 eng d
020 _a0521782627
_qhardback
020 _a0521787904
_qpbk.
020 _a9780521782623
_q(hardback)
020 _a9780521787901
_q(pbk.)
040 _aDLC
_cDLC
_dDLC
_dEG-GICUC
_beng
_erda
050 0 0 _aKZ7180
_b.S32 2000
082 0 0 _a341.77
_221
092 0 4 _221
099 _aLaw 10 2000
100 1 _aSchabas, William,
_d1950-
245 1 0 _aGenocide in international law :
_bthe crimes of crimes /
_cWilliam A. Schabas.
264 _aCambridge, U.K. ;
_aNew York :
_bCambridge University Press,
_c2000.
300 _axvi, 624 page ;
_c24 cm.
336 _atext
_btxt
_2rdacontent
337 _aunmediated
_bn
_2rdamedia
338 _avolume
_bnc
_2rdacarrier
504 _aIncludes bibliographical references (p. 569-607) and index.
630 0 0 _aConvention on the Prevention and Punishment of the Crime of Genocide
_d(1948 December 9)
650 0 _aGenocide (International law)
856 4 2 _uhttps://fll.law.cu.edu.eg/fulltext/bks/ENGB10-00116.pdf
856 4 2 _3Book review (H-Net)
_uhttp://www.h-net.org/review/hrev-a0c2l1-aa
856 4 1 _3Sample text
_uhttp://www.loc.gov/catdir/samples/cam032/99087924.html
856 4 2 _3Publisher description
_uhttp://www.loc.gov/catdir/description/cam0210/99087924.html
856 4 1 _3Table of contents
_uhttp://www.loc.gov/catdir/toc/cam021/99087924.html
905 _a10
942 _2ddc
_cBK
_e21
_n0
999 _c52968
_d52968